| 000 | 00629nam a2200193 u 4500 | ||
|---|---|---|---|
| 001 | 000754029 | ||
| 003 | AM-YeHGA | ||
| 005 | 20250617143633.0 | ||
| 008 | 100802s1970 ||| r 000 0 rus d | ||
| 040 | _aAM-YeHGA | ||
| 041 | 1 |
_arus _htar |
|
| 100 | 1 | _aДэрдменд | |
| 245 | 1 | 0 |
_aСтихи : _bПеревод с татарского / _cДэрдменд ; Сост. С. Хаким, Р Харисов. |
| 260 |
_aКазань : _bТатарское кн. изд-во, _c1970. |
||
| 300 | _a95 с. | ||
| 653 | 0 | _aТатарская поэзия | |
| 700 | 1 |
_aХаким, Сибгат _eсост. _4com |
|
| 090 | _c280458 | ||
| 999 |
_c278806 _d278806 |
||